|
|
|
|
| LEADER |
01997nam a2200409 a 4500 |
| 001 |
000000488 |
| 005 |
20071213090251.0 |
| 008 |
050727s1760 xo e lat |
| FMT |
|
|
|
| 040 |
|
|
|a SVKKK
|b slo
|c SVKKK
|e AACR2
|
| 041 |
0 |
|
|a lat
|
| 044 |
|
|
|a xo
|c SK
|
| 080 |
|
|
|a 82-6
|
| 080 |
|
|
|a 871
|
| 100 |
1 |
|
|a Ovidius Naso, Publius,
|d 43 pr. K.-18 po K.
|4 aut
|
| 245 |
1 |
0 |
|a Epistolae Heroidum :
|b Publii Ovidii Nasonis Epistolae Heroidum Ab omni obscoenitate purgatae, Cum Annotationibus, Et Interpretatione. Ad Usum Scholarum Soc. Jesu.
|
| 260 |
|
|
|a Tyrnaviae :
|b Typis Academicis Societatis Jesu,
|c Anno M DCC LX [=1760]
|
| 300 |
|
|
|a 348,[24] s. A/8-Z/8,Aa/2 [=370] list.
|c 8°. 17x11 cm
|
| 500 |
|
|
|a Predtitl. list "Publii Ovidii Nasonis Epistolae Heroidum"
|
| 500 |
|
|
|a Vineta ornam.-fig., vinety ornam., linky ozdobné, inic. s ornam. pozadím v rámčeku na 3 r., verz. vo voľ. priestore na 2 r., kustódy, tlač. pozn. pod textom v lat. jaz.
|
| 504 |
|
|
|a Na zl. Y/6-Z/6 predmetový register. Na zl. Z/7-Aa/2 menný register.
|
| 508 |
|
|
|a Na zl. A/3-A/4 nesignov. úvod.
|
| 510 |
4 |
|
|a Petrik II/936; Hanakovič II/885; Podmanická II/687; Kolodziejský 256a/1695; Dokoupil 119/439; Zelliger 125/8.
|
| 561 |
|
|
|a Peč.: Štátna vedecká knižnica v Košiciach. Tlač. exlibris: A kassai premontrei főgimnázium Tanári Könyvtára. Ca 469.
|
| 563 |
|
|
|a Lepenka, červeno-hnedý mramor. papier, chrbát a rohy hnedá koža.
|
| 653 |
1 |
|
|a klasická rímska literatúra
|
| 653 |
2 |
|
|a listy
|
| 710 |
0 |
|
|a Akademická tlačiareň
|c Trnava
|d 1648-1773
|4 prt
|
| 710 |
0 |
|
|a knižnice - Knižnica premonštrátského gymnázia
|c profesorská
|c Košice
|4 sgn
|
| 752 |
|
|
|a Slovensko
|d Trnava
|
| 852 |
|
|
|p I.103408
|
| 904 |
|
|
|a acf-y------------hayb-1001--
|
| 905 |
|
|
|a bfga0bb-
|
| 910 |
|
|
|a svkkk
|
| 997 |
|
|
|c A kassai premontrei főgimnázium Tanári Könyvtára p. knižnice - Knižnica premonštrátského gymnázia (profesorská) Košice
|4 sgn
|
| 998 |
|
|
|a TRNTL
|
| BAS |
|
|
|